Les 50 pays où l'on parle le plus français - Statistiques

Statistiques générales
  • Ce quiz a été pris 79 fois
  • Le résultat moyen est 34 sur 50
Statistiques - réponses
Rg Nombre de Locuteurs % de la Pop Pays % Correct
1 63 678 100 97.52% France
100%
11 8 814 900 75.55% Belgique
97%
9 11 060 600 28.58% Canada
94%
14 5 889 500 67.13% Suisse
94%
31 2 179 200 0.65% Etats-Unis
93%
3 14 903 800 32.86% Algérie
89%
5 12 298 000 14.66% Allemagne
89%
15 5 471 700 11.71% Espagne
89%
6 11 796 500 19.58% Italie
89%
4 13 456 800 35.63% Maroc
89%
8 11 281 100 16.47% Royaume Uni
86%
13 6 321 400 52.47% Tunisie
83%
46 590 900 91.99% Luxembourg
82%
2 48 924 700 51.37% République Démocratique du Congo
82%
23 3 518 500 60.69% Congo
80%
21 3 702 700 17.24% Mali
80%
45 628 700 0.43% Russie
80%
18 4 640 400 26.29% Sénégal
79%
27 2 547 000 25.12% Portugal
77%
10 9 324 600 33.61% Côte d'Ivoire
73%
7 11 490 700 41.17% Cameroun
72%
25 3 306 800 19.21% Pays-bas
72%
26 3 204 700 3.02% Egypte
69%
36 947 200 2.51% Pologne
69%
22 3 554 300 40.94% Togo
66%
34 1 166 000 12.86% Autriche
65%
41 754 200 7.31% Grèce
63%
20 3 776 700 27.24% Guinée
63%
12 7 729 300 26.49% Madagascar
63%
44 635 900 12.67% Irlande
62%
24 3 363 000 12.89% Niger
62%
38 845 000 8.27% Suède
59%
19 4 306 100 33.68% Bénin
58%
16 5 403 600 24.45% Burkina Faso
58%
43 655 900 13.38% Mauritanie
58%
32 1 519 500 65.17% Gabon
56%
30 2 249 000 12.92% Tchad
56%
28 2 539 600 37.99% Liban
55%
29 2 281 800 11.99% Roumanie
54%
48 527 800 5.92% Israel
49%
33 1 435 100 28.61% Centrafrique
48%
17 4 906 100 42.00% Haïti
48%
37 926 100 72.65% Maurice
48%
42 693 000 0.70% Vietnam
48%
50 508 000 50.00% Djibouti
45%
40 792 800 5.83% Rwanda
45%
35 1 073 500 8.50% Burundi
38%
47 578 100 0.82% Thailande
35%
49 511 700 20.00% Gambie
34%
39 799 100 88.00% Réunion
8%
Aucun quiz correspondant
Distribution des résultats
% des personnes avec chaque résultat
Percentile par nombre de réponses
Votre historique - résultats
Vous n’avez pas pris ce quiz